[Event "POL-chT2 U20 Girls"]
[Site "Lublin"]
[Date "2007.07.10"]
[Round "5"]
[White "Szczurek, Natalia"]
[Black "Kowara, Magdalena"]
[Result "1-0"]
[WhiteElo "1757"]
[BlackElo "1831"]
[PlyCount "75"]
[EventDate "2007.07.07"]
[EventType "team-tourn"]
[EventRounds "11"]
[EventCountry "POL"]
[SourceTitle "EXT 2010"]
[Source "ChessBase"]
[SourceDate "2010.11.25"]
[SourceVersion "1"]
[SourceVersionDate "2010.11.25"]
[SourceQuality "1"]

1. e4 c5 2. Nf3 e6 3. d4 cxd4 4. Nxd4 a6 5. Bd3 Bc5 6. Nb3 Be7 7. e5 Nc6 8. Bf4 Qc7 9. Qe2 d6 10. exd6 Bxd6 11. Bxd6 Qxd6 12. Nc3 Nf6 13. 0-0-0 Qf4+ 14. Kb1 b5 15. g3 Qc7 16. Ne4 Nd5 17. Ng5 h6 18. Nf3 Nf6 19. Nfd4 Ne5 20. Bxb5+ Ned7 21. Bc6 Rb8 22. Rhe1 0-0 23. f4 Qb6 24. g4 Nc5 25. g5 hxg5 26. fxg5 Nd5 27. Bxd5 exd5 28. Qh5 a5 29. g6 Qxg6 30. Qxg6 fxg6 31. Nxc5 Rf2 32. Nc6 Ra8 33. Rxd5 Bf5 34. Ne7+ Kh8 35. Nxf5 gxf5 36. Ne6 Rxh2 37. Rxf5 Rc8 38. c3 1-0

[Event "POL-ch U16 Girls"]
[Site "Leba"]
[Date "2007.03.27"]
[Round "6"]
[White "Szczurek, Natalia"]
[Black "Kulisz, Anna"]
[Result "1-0"]
[WhiteElo "1783"]
[BlackElo "1608"]
[PlyCount "61"]
[EventDate "2007.03.24"]
[EventType "swiss"]
[EventRounds "11"]
[EventCountry "POL"]
[SourceTitle "EXT 2011"]
[Source "ChessBase"]
[SourceDate "2010.11.26"]
[SourceVersion "1"]
[SourceVersionDate "2010.11.26"]
[SourceQuality "1"]

1. e4 c5 2. Nf3 Nc6 3. d4 cxd4 4. Nxd4 g6 5. Nc3 Bg7 6. Be3 e6 7. Be2 Nge7 8. Ndb5 0-0 9. Nd6 f5 10. Qd2 fxe4 11. Ncxe4 Nf5 12. 0-0-0 Nxe3 13. Qxe3 b6 14. h4 Ne5 15. h5 h6 16. hxg6 Nxg6 17. Rxh6 Nf4 18. Rh2 Rb8 19. Rdh1 Bb7 20. g3 Bxe4 21. Qxe4 Nxe2+ 22. Kb1 Rf6 23. Qxe2 Qe7 24. Qd3 Qd8 25. g4 Rf4 26. Qg6 Kf8 27. Rh8+ Bxh8 28. Rxh8+ Ke7 29. Rxd8 Rxd8 30. Qg5+ Rf6 31. Ne4 1-0

[Event "POL-ch U16 Girls"]
[Site "Leba"]
[Date "2007.03.25"]
[Round "2"]
[White "Wierzbicka, Wiktoria"]
[Black "Szczurek, Natalia"]
[Result "1-0"]
[WhiteElo "1966"]
[BlackElo "1783"]
[PlyCount "85"]
[EventDate "2007.03.24"]
[EventType "swiss"]
[EventRounds "11"]
[EventCountry "POL"]
[SourceTitle "EXT 2011"]
[Source "ChessBase"]
[SourceDate "2010.11.26"]
[SourceVersion "1"]
[SourceVersionDate "2010.11.26"]
[SourceQuality "1"]

1. e4 c5 2. Nf3 e6 3. d4 cxd4 4. Nxd4 a6 5. Nc3 Qc7 6. g3 Bb4 7. Bd2 Nf6 8. Bg2 Nc6 9. Nxc6 bxc6 10. 0-0 0-0 11. Bg5 Bxc3 12. bxc3 Qe5 13. f4 Qxc3 14. Kh1 d5 15. Rf3 Qc4 16. Bxf6 gxf6 17. Rd3 Kh8 18. Rb1 Qxa2 19. Rdb3 Qa4 20. Rb4 Qa5 21. Qd4 Qd8 22. g4 Qe7 23. R4b3 c5 24. Qf2 f5 25. gxf5 exf5 26. exd5 Ra7 27. Rb6 Bd7 28. Re1 Qd8 29. Qxc5 Rc7 30. Qd4+ f6 31. Rxa6 Rxc2 32. d6 Bc8 33. Ra7 Rg8 34. Bf3 Bd7 35. Ra8 Bc8 36. Ra7 Bd7 37. Bd5 Bc6 38. Bxc6 Rxc6 39. Rg1 Rxd6 40. Rxg8+ Kxg8 41. Qg1+ Kf8 42. Qg7+ Ke8 43. Qf7# 1-0

[Event "POL-chT3 U19 Slaska"]
[Site "Slask"]
[Date "2007.02.10"]
[Round "3.11"]
[White "Krupa, Anna"]
[Black "Szczurek, Natalia"]
[Result "1/2-1/2"]
[WhiteElo "1777"]
[BlackElo "1783"]
[PlyCount "93"]
[EventDate "2007.01.27"]
[EventType "team-tourn"]
[EventRounds "11"]
[EventCountry "POL"]
[SourceTitle "EXT 2019"]
[Source "ChessBase"]
[SourceDate "2018.10.10"]
[SourceVersion "1"]
[SourceVersionDate "2018.10.10"]
[SourceQuality "1"]
[WhiteTeam "Rybnik MKSz U19 II"]
[BlackTeam "Gliwice Politechnika Slaska U19 II"]
[WhiteTeamCountry "POL"]
[BlackTeamCountry "POL"]

1. d4 d5 2. Nf3 Nf6 3. Bf4 Bf5 4. e3 e6 5. h3 Bd6 6. Bxd6 Qxd6 7. c3 Nbd7 8. Bd3 Bxd3 9. Qxd3 0-0 10. 0-0 c5 11. Nbd2 Rac8 12. e4 dxe4 13. Nxe4 Qd5 14. Nxf6+ Nxf6 15. Rfd1 cxd4 16. Nxd4 e5 17. Nb5 Qc5 18. b4 Qb6 19. a4 a6 20. Nd6 Rcd8 21. a5 Qc6 22. c4 Ne8 23. c5 Nxd6 24. cxd6 Rd7 25. Rac1 Qa4 26. Qe4 Rfd8 27. Qxe5 Qxb4 28. Rd5 h6 29. Rc7 Rxd6 30. Rxd6 Qxd6 31. Qxd6 Rxd6 32. Rxb7 Rd1+ 33. Kh2 Rd5 34. Rb8+ Kh7 35. Rb7 f6 36. Rc7 Rxa5 37. Rc6 Ra3 38. f3 a5 39. Ra6 Ra2 40. Kg3 a4 41. h4 Kg6 42. Ra5 h5 43. Kh3 a3 44. Kh2 Ra1 45. Kg3 a2 46. Kh2 Kh6 47. Kg3 1/2-1/2